[Event "WYCC 2018 O16"]
[Site "Halkidiki"]
[Date "2018.10.30"]
[Round "11"]
[White "Sankalp Gupta"]
[Black "Semjonovs, Ilja"]
[Result "1/2-1/2"]
[WhiteElo "2352"]
[BlackElo "2245"]
[Annotator "TA"]
[PlyCount "159"]
[EventDate "2018.10.20"]
[EventType "swiss"]
[EventCountry "GRE"]
[SourceTitle "playchess.com"]
[Source "ChessBase"]
[SourceQuality "1"]

{[%evp 15,159,10,74,76,68,59,70,61,70,73,99,109,74,86,105,91,83,83,78,0,77,50,98,44,114,58,60,31,125,131,133,135,125,122,135,135,200,198,209,211,201,198,215,181,177,168,180,144,188,209,182,184,176,186,179,191,247,216,213,192,214,208,242,195,242,251,258,237,240,258,272,231,233,178,150,153,160,164,187,186,177,177,174,0,8,0,170,159,189,183,259,257,257,131,146,87,87,87,87,94,94,94,137,104,125,107,274,262,266,41,41,41,41,38,37,43,43,0,0,0,0,0,0,0,0,0,0,0,0,0,0,0,0,0,0,0,0,0,0,0,0,0,0,0,0,0]} 1. d4 Nf6 2. Nf3 c5 3. d5 e6 4. Nc3 exd5 5. Nxd5 Nxd5 6. Qxd5 Nc6 7. Bg5 Be7 {A43: Schmid Benoni} 8. O-O-O (8. a3 Qa5+ 9. Bd2 Qb6 10. Bc3 d6 11. Ng5 Nd8 12. O-O-O Ne6 13. Ne4 O-O 14. e3 Nc7 15. Qh5 {1-0 (39) Svane,R (2587)-Nikolovski,N (2412) Tarvisio 2017}) 8... O-O {LiveBook: 6 Games} (8... Nb4 $1 $11 {keeps the balance.} 9. Qd2 Nxa2+ 10. Kb1 Nb4) 9. Bxe7 Qxe7 {White is better.} 10. Qd6 Qe6 11. b3 $146 ({Predecessor:} 11. Qxe6 dxe6 12. e4 a6 13. Be2 b6 14. Rd6 Bb7 15. Rhd1 {½-½ (32) Hernandez Leon,A (2275)-Robles Garcia,C (2167) Linares 2007}) 11... Qxd6 12. Rxd6 Re8 13. e3 Re6 14. Rd2 d6 15. Bb5 Kf8 16. Ng5 Re5 17. Nf3 Re6 18. Re1 h6 19. e4 (19. Red1 $16) 19... Ke7 ({Black should play} 19... Bd7 $14) 20. Bc4 (20. Nh4 $16) 20... Rg6 $14 21. e5 {aiming for exd6+.} (21. g3 {with more complications.} Rf6 22. Re3 Bg4 23. Ne1 Be6 24. Bd5) 21... dxe5 (21... d5 $1 $14 22. Bxd5 Rxg2) 22. Nxe5 $16 Nxe5 23. Rxe5+ Be6 24. f4 $36 {[%mdl 2048] Hoping for f5. Keeping Black busy.} Rf6 25. Bxe6 fxe6 (25... Rxe6 $16 26. Rxc5 Ke8) 26. Rxc5 $18 Rxf4 $16 {[%mdl 4096] Endgame KRR-KRR} 27. Rc7+ Kf6 28. Rxb7 g5 29. Rdd7 a5 30. g3 Re4 31. a4 h5 32. Kd2 h4 33. Kd3 Rg4 34. Rf7+ Kg6 35. Rg7+ Kf6 (35... Kh5 $142 36. Rh7+ Kg6 37. gxh4 Rd8+ 38. Ke3 Rxh4 39. Rxh4 gxh4) 36. Rbf7+ Ke5 37. gxh4 Rd4+ 38. Ke3 Rxh4 39. Rxg5+ Kd6 40. Rf2 Rh3+ 41. Kd2 e5 42. Rg6+ Kd5 43. Rb6 Rd8 44. Ke1 Re3+ 45. Kf1 $1 Ke4 46. Rc6 Rd1+ 47. Kg2 Ree1 48. Rc4+ $1 Kd5 49. Rf8 $2 ({White should try} 49. Kg3 $18) 49... Rd2+ $1 $11 50. Rf2 $2 (50. Kf3 $11 Rxh2 51. Ra8) 50... Rdd1 $18 51. Kg3 Rg1+ 52. Kf3 $1 Rde1 (52... Rdf1 {keeps fighting.} 53. h4 Rh1 54. Rxf1 Rxf1+ 55. Kg2 Rf5) 53. Rd2+ Ke6 54. Rh4 (54. Rc6+ $18 Kf5 55. Rc5) 54... Kf5 {Strongly threatening ...e4+.} 55. Re2 (55. Rh5+ $142 Kg6 56. Rh8) 55... Rxe2 $16 56. Kxe2 {KR-KR} e4 57. Ke3 Re1+ 58. Kd2 Rg1 59. c3 Rb1 {[#]} 60. Kc2 $1 {[%cal Rc2b1]} Rg1 $2 {[#]} (60... Ra1 $16 61. c4 Rf1) 61. b4 $1 $18 Rg2+ 62. Kc1 $2 (62. Kd1 $18) 62... axb4 $14 63. cxb4 Ra2 64. a5 {Threatens to win with b5.} Ke5 65. Rh6 Kd4 66. Rc6 e3 {The position is equal.} 67. Kd1 {h4 is the strong threat.} Kd3 68. Rd6+ Kc4 69. h4 {[%cal Bh2h4,Bh4h5,Bh5h6,Bh6h7][%mdl 32] Black must now prevent a6.} Kxb4 70. a6 Kc5 71. Rg6 {With the idea h5.} Kd4 72. h5 e2+ (72... Kd3 $5 73. Rd6+ $8 Ke4 $11) 73. Ke1 {And now h6 would win.} Ke3 $1 {[%cal Ra2a1]} 74. Re6+ Kf3 $1 75. h6 Ra1+ 76. Kd2 Rd1+ 77. Kc2 e1=Q 78. Rxe1 Rxe1 79. h7 Re8 80. Kd3 {Precision: White = 57%, Black = 56%.} 1/2-1/2

[Event "WYCC 2018 O16"]
[Site "Halkidiki"]
[Date "2018.10.30"]
[Round "11"]
[White "Koustav Chatterjee"]
[Black "Gavrilescu, David"]
[Result "0-1"]
[WhiteElo "2344"]
[BlackElo "2481"]
[Annotator "TA"]
[PlyCount "70"]
[EventDate "2018.10.20"]
[EventType "swiss"]
[EventCountry "GRE"]
[SourceTitle "playchess.com"]
[Source "ChessBase"]
[SourceQuality "1"]

{[%evp 17,70,0,0,0,8,-1,-4,-14,0,0,0,0,7,9,17,-7,18,-8,24,-9,28,-26,-25,-37,-9,-31,-36,-31,-30,-29,-40,-41,-43,-63,-60,-61,-55,-84,-79,-301,-305,-356,-349,-435,-304,-491,-496,-1251,-1245,-1831,-560,-537,-540,-555,-534]} 1. Nf3 d5 2. e3 Nf6 3. c4 e6 4. Nc3 Be7 5. b3 O-O 6. Bb2 dxc4 {A13: English Opening: 1...e6} (6... c5 7. cxd5 Nxd5 8. h4 b6 9. Qb1 h6 10. g4 Bb7 11. Rh3 Nd7 12. g5 h5 13. Bd3 Nb4 14. Bh7+ Kh8 15. Be4 Nd5 {1-0 (24) Nepomniachtchi,I (2768)-Bacrot,E (2678) Batumi 2018}) 7. bxc4 c5 8. Be2 Nc6 9. O-O b6 {LiveBook: 4 Games} 10. a3 Bb7 11. Qc2 Rc8 12. Rad1 Qc7 13. d3 $146 ({Predecessor:} 13. Ng5 g6 {1-0 (48) Tal,M-Kapengut,A Moscow (Russia) 1972}) 13... Rfd8 14. Nd2 Qb8 15. f4 Ne8 16. Kh1 Nd6 17. Bg4 Bf8 18. Nce4 Nf5 19. Bxf5 (19. Rf3 $142) 19... exf5 $11 20. Ng3 Ne7 21. Be5 Qa8 $36 {[%mdl 2048] White is under pressure.} 22. Nf3 f6 23. Bc3 Rc7 24. Nh4 Qc8 25. a4 Qe6 26. Rfe1 Rcd7 27. Bb2 {[#]} Nc6 $1 {[%cal Rc6b4,Be7c6,Bc6d4,Bd4c2][%mdl 32] And now ...Nb4 would win.} 28. d4 $2 (28. Bc3 $17 {might work better.}) 28... cxd4 $19 29. exd4 Nxd4 30. Qc1 Qc6 31. Rd3 $2 {[#]} (31. Bxd4 Rxd4 32. Ngxf5 Rxd1 33. Rxd1 Rxd1+ 34. Qxd1) 31... Qxa4 {Black is clearly winning.} 32. Qd1 (32. Rdd1 $142) 32... Nc2 33. Ree3 Rxd3 (33... Nxe3 $142 34. Qxa4 Rxd3) 34. Rxd3 Rxd3 35. Qxd3 Qb4 {Precision: White = 24%, Black = 53%.} 0-1

[Event "WYCC 2018 O16"]
[Site "Halkidiki"]
[Date "2018.10.30"]
[Round "11"]
[White "Guerra Rivera, Salvador"]
[Black "Travadon, Loic"]
[Result "0-1"]
[WhiteElo "2340"]
[BlackElo "2293"]
[Annotator "TA"]
[PlyCount "78"]
[EventDate "2018.10.20"]
[EventType "swiss"]
[EventCountry "GRE"]
[SourceTitle "playchess.com"]
[Source "ChessBase"]
[SourceQuality "1"]

{[%evp 14,78,1,-4,16,-12,-18,-14,-19,-21,-15,-22,19,0,0,0,75,45,56,-49,-40,-321,-289,-318,-255,-247,-83,-195,-203,-272,-257,-243,-216,-275,-271,-248,-263,-461,-418,-850,-819,-943,-521,-492,-491,-506,-481,-453,-242,-231,-223,-484,-474,-934,-164,-389,0,-356,-351,-329,-337,-791,-781,-1486,-1475,-29998,-29999]} 1. Nf3 c5 2. c4 g6 3. g3 Bg7 4. Bg2 Nc6 5. O-O d6 6. Nc3 Bf5 7. d3 {A37: Symmetrical English vs ...g6: 4 Bg2 Bg7 5 Nf3} Qd7 8. Re1 {LiveBook: 35 Games} (8. Nd5 Nf6 9. Bd2 O-O 10. Bc3 Nxd5 11. cxd5 Nd4 12. Nh4 Bg4 13. f3 Bh3 14. Bxh3 Qxh3 {1-0 (59) Grischuk,A (2766)-Anand,V (2759) Paris 2018}) 8... h5 9. Bg5 $146 {The position is equal.} ({Predecessor:} 9. a3 Bh3 10. Bh1 h4 11. Nd5 hxg3 12. hxg3 Nf6 13. Nxf6+ Bxf6 14. Qa4 Kf8 {0-1 (30) Cebalo,M (2397)-Donchenko,A (2567) Biel 2015}) 9... Bh3 10. Bxh3 Qxh3 11. Nd5 {Nc7+ is the strong threat.} Rc8 12. Rb1 $1 f6 13. Be3 g5 14. b4 h4 (14... b6 $11 {keeps the balance.}) 15. bxc5 $16 hxg3 16. fxg3 (16. cxd6 $1 $14 Ne5 17. d7+ (17. fxg3 Nxf3+ 18. exf3 Qxh2+ 19. Kf1 Qxg3 $11) 17... Kxd7 18. fxg3 (18. Rxb7+ Ke8 $11) 18... Nxf3+ 19. exf3 Qxh2+ 20. Kf1 Qxg3 21. Bf2 (21. Rxb7+ Ke8 $15) 21... Rh1+ 22. Ke2) 16... Nh6 $1 $15 {[%cal Rh6g4] Strongly threatening ...Ng4.} 17. Bf2 $2 {[%mdl 8192]} (17. Rxb7 Nf5 $16) ({White should try} 17. Rf1 $15 Ng4 18. Rxb7) 17... Ng4 $19 {[%cal Rg4h2]} 18. e4 (18. cxd6 Nxh2 19. d7+ Kxd7 $19) 18... Nxh2 19. Nxh2 Qxh2+ 20. Kf1 Ne5 $1 $40 {[%mdl 128] Black wants a kill.} 21. Re3 (21. Rxb7 $2 Qh1+ 22. Ke2 Qf3+ 23. Kd2 Qxf2+ $19) 21... Qh3+ (21... dxc5 22. Rxb7 Bf8 23. Ke2 $15) 22. Ke2 {[#]} e6 $1 ({And not} 22... dxc5 23. Rxb7 Bf8 24. Qa4+ (24. Rxa7 $2 Rb8 $19) 24... Kf7 25. Qxa7 $15) 23. Nc3 dxc5 24. Rxb7 O-O 25. Qa4 $2 (25. Qf1 {keeps fighting.} Qg4+ 26. Kd2) 25... Bh6 26. Qxa7 (26. Qa6 $142 Rb8 27. Rxb8 Rxb8 28. Nb5) 26... g4 27. Rh7 Nf7 28. Rxh6 Qxh6 ({Less strong is} 28... Nxh6 29. Qe7 $17) 29. Kd1 Ne5 30. Kc2 Nf3 (30... Rfd8 $142 31. Qb6 Nc6) 31. Re2 {[#]} Qh5 $1 32. Qe7 $2 (32. a4) 32... Qe5 33. Nb5 (33. Qd7 $142 Rc7 34. Qb5) 33... Ra8 $2 (33... Rfe8 34. Qa7 Ra8) 34. Kb1 $2 (34. a3 {only move.}) 34... Rac8 $2 (34... Rfd8 $19 35. Qxc5 Qxc5 36. Bxc5 Rxd3) 35. a4 $2 {[%mdl 8192]} (35. Kc2 $1 $11) 35... Rfe8 36. Qd6 {intending Qxe5.} Red8 {[%cal Be8d8,Bd8d3,Bd3b3][%mdl 32]} 37. Qe7 $2 (37. Qxe5 Nxe5 38. Rd2) 37... Rxd3 {aiming for ...Rd1+.} 38. Be3 Qxe4 {( -> ...Rb3+)} 39. Bh6 Rb3+ {Precision: White = 29%, Black = 60%.} 0-1

[Event "WYCC 2018 O16"]
[Site "Halkidiki"]
[Date "2018.10.30"]
[Round "11"]
[White "Szpar, Milosz"]
[Black "Jakab, Bela"]
[Result "1-0"]
[WhiteElo "2328"]
[BlackElo "2285"]
[Annotator "TA"]
[PlyCount "65"]
[EventDate "2018.10.20"]
[EventType "swiss"]
[EventCountry "GRE"]
[SourceTitle "playchess.com"]
[Source "ChessBase"]
[SourceQuality "1"]

{[%evp 19,65,46,43,41,72,67,66,50,43,39,179,158,189,191,193,193,190,188,217,209,501,495,510,499,493,381,375,278,412,405,478,404,418,416,420,199,210,207,234,191,221,221,264,104,208,216,828,812]} 1. d4 d5 2. Bf4 c6 3. e3 Nf6 4. c4 a6 (4... e6 5. Nc3 Bd6 6. Bxd6 Qxd6 7. Nf3 O-O 8. Qc2 Nbd7 9. Rd1 b6 10. Be2 Bb7 11. O-O Qe7 12. e4 dxe4 13. Nxe4 c5 14. Nc3 cxd4 15. Nxd4 {1-0 (46) Kramnik,V (2777)-Dubov,D (2661) Berlin 2015 CBM 168 Extra [Schulz,André]}) 5. Nc3 b5 6. cxd5 {D10: Slav Defence: 3 cxd5 (without early Nf3) and 3 Nc3} cxd5 7. Bd3 e6 8. Rc1 Bb7 9. Nf3 Bd6 10. Ne5 O-O {LiveBook: 3 Games} 11. O-O Qb6 12. a4 $146 {[%cal Ra4b5]} ({Predecessor:} 12. Qf3 Nfd7 13. Qg3 Bxe5 14. dxe5 {1-0 (21) Trapl,J (2337)-Straka,J (2078) Teplice 2008}) 12... b4 13. Nb1 (13. a5 $5 Qxa5 14. Na4 $14) 13... a5 14. Nd2 Na6 (14... Ba6 $14) 15. Bg5 $1 $18 {[%cal Rg5f6]} Bxe5 16. dxe5 Ne4 17. Bxe4 $1 dxe4 18. Nc4 Qc5 19. Qg4 $1 $40 {[%mdl 128] Threatens to win with Bf6. Black is in trouble.} Rfc8 $2 (19... Rfb8 20. Bf6 Qf8) 20. Bf6 {[%csl Gf6][%cal Rg4g7]} Qf8 {[#]} 21. Nb6 $1 {[%cal Rb6d7] Strongly threatening Nd7.} Rd8 22. Bxd8 Rxd8 23. Nc4 Bd5 (23... Nc5 $142 24. Nd6 (24. Nxa5 Bd5 $16) 24... Rxd6) 24. Nd6 f6 25. exf6 Qxf6 26. Nxe4 Qxb2 27. Nc5 (27. f4 $142) 27... Nxc5 28. Rxc5 b3 29. Rxa5 Qc3 {[#]} 30. Rb5 $1 Qc4 31. Qg5 $2 (31. h3 $18 {is more deadly.}) 31... Rc8 (31... Ra8 $16 {is a better defense.} 32. Qe5 Qxa4) 32. Qe5 Qxa4 $2 (32... h6 33. h3 Kh7) 33. Rxd5 {Precision: White = 44%, Black = 32%.} 1-0

[Event "WYCC 2018 O16"]
[Site "Halkidiki"]
[Date "2018.10.30"]
[Round "11"]
[White "Golikov, Daniil"]
[Black "Blohberger, Felix"]
[Result "0-1"]
[WhiteElo "2319"]
[BlackElo "2433"]
[Annotator "TA"]
[PlyCount "50"]
[EventDate "2018.10.20"]
[EventType "swiss"]
[EventCountry "GRE"]
[SourceTitle "playchess.com"]
[Source "ChessBase"]
[SourceQuality "1"]

{[%evp 23,50,-8,-12,-33,-50,-52,-9,-11,-15,-35,-25,-61,-68,-85,-48,-64,-42,-89,-100,-103,-105,-199,-199,-551,-560,-555,-543,-526,-513]} 1. d4 Nf6 2. c4 g6 3. Nc3 Bg7 4. Nf3 O-O 5. g3 d5 6. cxd5 Nxd5 7. Bg2 Nc6 8. e4 Nb6 9. d5 Na5 10. O-O c6 11. dxc6 Qxd1 {D76: Fianchetto Grünfeld: Main Line with 7...Nb6} (11... Nxc6 12. Be3 Nc4 13. Qe2 Nxe3 14. Qxe3 Qb6 15. Qxb6 axb6 16. Rfd1 b5 17. Nxb5 Bxb2 18. Rab1 Bg7 19. Rd2 Rd8 {0-1 (62) Tsoi,D (2429)-Chigaev,M (2599) Sochi 2018}) 12. Rxd1 Nxc6 {LiveBook: 3 Games} 13. h3 Be6 {Black is slightly better.} 14. Ng5 Rad8 $146 (14... Bc4 {keeps more tension.} 15. Bf4 Ba6 16. Rac1 Rfd8 17. Bf1 Bxf1 18. Kxf1 Rac8) ({Predecessor:} 14... Bc4 15. Bf4 Rac8 16. e5 Nxe5 17. Bxb7 Rcd8 18. Bxe5 Bxe5 19. Re1 {0-1 (52) Hinrichs,J (2134)-Kahlert,T (2194) Lueneburg 2014}) 15. Nxe6 fxe6 16. Rxd8 Rxd8 17. Bf1 Bxc3 $1 18. bxc3 Rd1 19. Kg2 Kf7 20. Be2 Re1 21. Bb5 a6 ({Of course not} 21... Rxe4 $6 22. Be3 $11) 22. Bd3 {[#]} (22. Bxc6 $17 {is a better defense.} bxc6 23. Kf3) 22... Na4 $1 $19 23. c4 $2 (23. Bc4) 23... Nb4 {Black is clearly winning.} 24. Bf1 {If only White now had time for Bb2....} Nc2 25. Rb1 Nc3 {Precision: White = 19%, Black = 86%.} 0-1

[Event "WYCC 2018 O16"]
[Site "Halkidiki"]
[Date "2018.10.30"]
[Round "11"]
[White "Zhalmakhanov, Ramazan"]
[Black "Sargsyan, Tigran R."]
[Result "1/2-1/2"]
[WhiteElo "2316"]
[BlackElo "2218"]
[Annotator "TA"]
[PlyCount "42"]
[EventDate "2018.10.20"]
[EventType "swiss"]
[EventCountry "GRE"]
[SourceTitle "playchess.com"]
[Source "ChessBase"]
[SourceQuality "1"]

{[%evp 14,42,0,0,0,0,25,6,34,23,50,46,60,59,64,39,37,59,57,95,107,0,0,0,0,0,0,0,0,0,0]} 1. e4 e6 2. d4 d5 3. Nc3 Nf6 4. Bg5 Bb4 5. e5 h6 6. exf6 hxg5 7. fxg7 Rg8 8. a3 {LiveBook: 4 Games} Be7 {C12: French: Classical System: McCutcheon Variation} (8... Bxc3+ 9. bxc3 Qf6 10. Qd3 Nd7 11. Rd1 Rxg7 12. Qg3 c6 13. c4 Nb6 14. Nf3 dxc4 15. Ne5 Qf4 16. Nxc4 Nxc4 17. Bxc4 Bd7 18. Be2 Qxg3 19. hxg3 Ke7 20. f3 {½-½ (20) Glazman,M (2553)-Galanov,S (2539) ICCF email 2013 Telechess CBM 159 [Morgado,Juan Sebastian]}) 9. Qh5 Bf6 10. Nf3 Nc6 11. Bb5 Bd7 12. O-O-O Rxg7 13. Rhe1 {[#] Nxd5 is the strong threat.} Kf8 $146 ({Predecessor:} 13... Ne7 14. Bxd7+ Kxd7 15. Ne5+ Bxe5 16. Rxe5 {0-1 (32) Madeira,W (2146)-Cruz,W (2274) Florianopolis 2016}) 14. Bxc6 $40 {[%mdl 128] White is up to no good.} Bxc6 15. Ne5 Be8 16. Rd3 {And now Rf3 would win.} g4 17. h4 (17. f4 $16) 17... Bxh4 $11 {The position is equal.} 18. Qh8+ Rg8 19. Qh6+ Rg7 20. Qh8+ $1 Rg8 21. Qh6+ Rg7 {Precision: White = 81%, Black = 64%.} 1/2-1/2

[Event "WYCC 2018 O16"]
[Site "Halkidiki"]
[Date "2018.10.30"]
[Round "11"]
[White "Katopodis, Dimitrios"]
[Black "Kosakowski, Jakub"]
[Result "0-1"]
[WhiteElo "2310"]
[BlackElo "2413"]
[Annotator "TA"]
[PlyCount "116"]
[EventDate "2018.10.20"]
[EventType "swiss"]
[EventCountry "GRE"]
[SourceTitle "playchess.com"]
[Source "ChessBase"]
[SourceQuality "1"]

{[%evp 21,116,9,9,10,16,16,11,11,20,5,30,29,27,16,19,8,42,18,33,29,59,1,6,-9,-12,-7,22,14,16,2,24,0,0,0,0,-18,-17,-75,-25,-73,-44,-48,-55,-119,-128,-183,-155,-180,-177,-149,-165,-237,-166,-197,-200,-228,-225,-185,-31,-58,-51,-35,-52,-59,-56,-102,-104,-89,-75,-111,-87,-161,-18,-14,-5,-233,-242,-251,-268,-266,-250,-243,-241,-210,-199,-274,-244,-413,-409,-627,-619,-29986,-29987,-29987,-29988,-29988,-29989]} 1. d4 Nf6 2. Nf3 g6 3. c4 Bg7 4. Nc3 O-O 5. e4 d6 6. Be2 e5 7. d5 a5 8. Be3 Na6 9. Nd2 Nd7 {E92: Königsindisch (Klassisches System)} 10. O-O f5 11. exf5 gxf5 {LiveBook: 3 Partien. Und weiter mit ...f4 wäre nett.Die Stellung ist ausgeglichen.} 12. f4 Nac5 13. Qc2 exf4 14. Bxf4 Ne5 15. Rae1 $146 ({Vorgänger:} 15. Nf3 Ng6 16. Bg5 Qe8 17. Rae1 Qf7 18. Nh4 Bd7 {½-½ (33) Anastasian,A (2495)-Lukin,A (2450) Frunze 1989}) 15... Ng6 16. Be3 b6 17. Nf3 Bd7 18. Qd2 Rf7 19. Bd4 Qf8 20. Bd1 Re8 21. Bc2 ({Besser ist} 21. Rxe8 $14 Qxe8 22. Bxg7 Rxg7 23. Bc2) 21... Ne5 $11 22. Nxe5 dxe5 23. Bf2 Kh8 24. Bd1 {Weiss will Lh5 spielen.} Rb8 25. Bg3 Qd6 26. Bc2 Re8 27. Kh1 Qg6 28. Qe2 Nb7 29. Qf2 (29. Bf2 $11 {hält das Gleichgewicht.}) 29... Rff8 30. Bd3 Qh5 31. Be2 Qh6 {zielt auf ...f4 ab.} 32. Bd3 (32. Qf3 $15) 32... Nd6 $17 33. c5 (33. h3 $17 {ist wohl besser.}) 33... bxc5 $19 34. Qxc5 f4 35. Bf2 f3 36. gxf3 (36. Rg1 $142 Bg4 37. Re3) 36... Rxf3 37. Be3 Qh3 38. Rg1 {[#]} Nf5 $1 {[%cal Rf5h4]} 39. Bxf5 Rxf5 $2 (39... Bxf5 $19 40. Rg2 (40. Qxc7 $2 Rg8 $19) 40... Rg8) 40. Rg3 ({Viel schwächer wäre} 40. Qxc7 Qf3+ 41. Rg2 Rf7 $17) 40... Rf1+ $40 {[%mdl 128] Schwarz startet einen Angriff.} 41. Rxf1 $1 Qxf1+ 42. Bg1 h5 $1 43. Qe3 {[#]} e4 $1 {[%mdl 512]} 44. Qg5 {[%csl Gg3][%cal Rg5g7] [#]} (44. Nxe4 Bf5) 44... Qf7 $1 {...Lg4 ist eine echte Drohung.} ({Nur nicht} 44... Bg4 $2 45. Rxg4 hxg4 46. Qh5+ Kg8 47. Qxe8+ $18) 45. Be3 Bg4 {Und ...Df1+ würde nun gewinnen.} 46. h3 (46. Kg1 $17 {war einen Versuch wert.}) 46... Bf3+ (46... Be5 $19 47. hxg4 Bxg3 48. Qh6+ Kg8 49. Qg5+ Qg7 50. Qxh5 Qh7 51. Qxh7+ Kxh7) 47. Kg1 $11 Rb8 48. Bf4 $2 (48. Na4 $11 {und Weiss ist OK.}) 48... Qf6 $19 49. Qxg7+ Qxg7 50. Rxg7 Kxg7 {[%mdl 4096] Endspiel KTL-KLS} 51. b3 Rf8 52. Bxc7 e3 53. Kf1 (53. d6 $142 Bc6 54. Bxa5) 53... h4 54. Bxa5 $2 (54. Ke1) 54... Bh5+ 55. Ke1 (55. Kg1 $142 e2 56. Nxe2 Bxe2 57. a4) 55... Rf3 56. Ne4 Rxh3 {[%cal Rh3h1] Schwarz setzt Matt.} 57. Bc3+ Kg6 {[%cal Rh3h1]} 58. Kf1 Bf3 {Precision: Weiß = 31%, Schwarz = 70%.} 0-1

[Event "WYCC 2018 O16"]
[Site "Halkidiki"]
[Date "2018.10.30"]
[Round "11"]
[White "Bekturov, Tamerlan"]
[Black "Baenziger, Fabian"]
[Result "0-1"]
[WhiteElo "2297"]
[BlackElo "2355"]
[Annotator "NA RC"]
[PlyCount "54"]
[EventDate "2018.10.20"]
[EventType "swiss"]
[EventCountry "GRE"]
[SourceTitle "playchess.com"]
[Source "ChessBase"]
[SourceQuality "1"]
[TimeControl "40/5400+30:1800+30"]

1. d4 {[%emt 0:00:00]} Nf6 {[%emt 0:00:00]} 2. c4 {[%emt 0:00:00]} c5 {[%emt 0:00:00]} 3. d5 {[%emt 0:00:00]} b5 {[%emt 0:00:05]} 4. cxb5 {[%emt 0:01:43]} a6 {[%emt 0:00:35]} 5. bxa6 {[%emt 0:02:12]} e6 {[%emt 0:00:27]} 6. Nc3 {[%emt 0:08:31] A58: Benko/Volga Gambit: Lines with 5 bxa6} exd5 {[%emt 0:00:57]} 7. Nxd5 {[%emt 0:01:02]} Nxa6 {[%emt 0:00:04]} (7... Be7 8. e3 O-O 9. Ne2 Nxd5 10. Qxd5 Rxa6 11. Nc3 Rd6 12. Qf3 Nc6 13. Be2 Bb7 {½-½ (27) Nakamura,H (2787)-Dubov,D (2701) Moscow 2018}) 8. Bg5 {[%emt 0:03:17]} Be7 {[%emt 0:00:51]} 9. Nxe7 {[%emt 0:00:57]} Qxe7 {[%emt 0:00:04]} 10. Nf3 {[%emt 0:02:09]} Rb8 {[%emt 0:00:32]} 11. b3 {[%emt 0:06:38]} h6 $146 {[%emt 0:04:04]} ({Predecessor:} 11... Rb6 12. e3 O-O 13. Be2 h6 14. Bxf6 Rxf6 {1-0 (59) Lenaerts,L (2268)-Braga,F (2418) Belgium 2015}) 12. Bf4 {[%emt 0:06:27]} Rb6 {[%emt 0:05:11]} 13. e3 {[%emt 0:01:14]} Bb7 {[%emt 0:02:56]} 14. Be2 {[%emt 0:04:34]} g5 {[%emt 0:01:53]} 15. Bg3 {[%emt 0:00:57]} Ne4 {[%emt 0:08:44]} 16. Be5 {[%emt 0:03:24]} Rg8 $1 {[%emt 0:00:24]} 17. Bb2 {[%emt 0:09:02]} Rd6 {[%emt 0:14:11]} 18. Qc1 {[%emt 0:03:45]} (18. Qb1 $14) 18... g4 {[%emt 0:00:24]} 19. Ne5 {[%emt 0:00:42]} Rd2 {[%emt 0:05:53]} 20. Nc4 {[%emt 0:03:18] [#]} Rxe2+ $1 {[%emt 0:03:24]} 21. Kxe2 {[%emt 0:00:07]} d5 {[%emt 0:00:08]} 22. Na5 {[%emt 0:03:01]} Nb4 {[%emt 0:06:54]} 23. Nxb7 {[%emt 0:00:24]} Qxb7 {[%emt 0:00:03]} 24. Rd1 {[%emt 0:00:21]} Qb5+ {[%emt 0:06:05]} 25. Ke1 {[%emt 0:01:15]} Rg5 {[%emt 0:00:44]} 26. Qb1 $19 {[%emt 0:11:07]} g3 {[%emt 0:02:24]} 27. fxg3 {[%emt 0:04:23]} Rf5 {[%emt 0:00:14]} 0-1